[Event "UKR-ch"]
[Site "Alushta"]
[Date "2010.05.03"]
[Round "1"]
[White "Makarevich, Vladimir"]
[Black "Izhnin, A."]
[Result "0-1"]
[WhiteElo "2063"]
[BlackElo "2360"]
[PlyCount "84"]
[EventDate "2010.05.03"]
[EventType "swiss"]
[EventRounds "9"]
[EventCountry "UKR"]
[SourceTitle "CBM 136 Extra"]
[Source "ChessBase"]
[SourceDate "2010.07.02"]
[SourceVersion "2"]
[SourceVersionDate "2010.07.15"]
[SourceQuality "1"]

1. e4 c5 2. Nf3 e6 3. d4 cxd4 4. Nxd4 Nc6 5. Nc3 Qc7 6. Be3 a6 7. Be2 Nf6 8. 0-0 Bb4 9. f3 0-0 10. Na4 Bd6 11. Nxc6 bxc6 12. Nb6 Rb8 13. Nc4 Bxh2+ 14. Kh1 Nh5 15. f4 Ng3+ 16. Kxh2 Nxf1+ 17. Bxf1 d5 18. exd5 cxd5 19. Ne5 Rxb2 20. Bd3 f6 21. Nf3 e5 22. Bc1 Rb6 23. Be2 Bb7 24. Ba3 Re8 25. fxe5 fxe5 26. g3 d4 27. Qd3 Kh8 28. Nh4 Rh6 29. Qc4 Qxc4 30. Bxc4 g5 31. Bc1 Rc6 32. Bb3 gxh4 33. Ba4 hxg3+ 34. Kg1 Rec8 35. Bxc6 Bxc6 36. Bh6 Kg8 37. Re1 Re8 38. c3 Kf7 39. cxd4 exd4 40. Rc1 Bd5 41. Bf4 Re2 42. Bb8 Rh2 0-1

[Event "UKR-ch sf"]
[Site "Alushta"]
[Date "2006.05.17"]
[Round "5"]
[White "Shumilov, Ilya"]
[Black "Makarevich, Vladimir"]
[Result "1-0"]
[WhiteElo "2168"]
[BlackElo "2062"]
[PlyCount "177"]
[EventDate "2006.05.13"]
[EventType "swiss"]
[EventRounds "9"]
[EventCountry "UKR"]
[SourceTitle "CBM 112 Extra"]
[Source "ChessBase"]
[SourceDate "2006.07.14"]
[SourceVersion "1"]
[SourceVersionDate "2006.07.14"]
[SourceQuality "1"]

1. d4 d5 2. Nf3 Nf6 3. c4 e6 4. Bf4 c6 5. e3 Qa5+ 6. Nbd2 Nbd7 7. Be2 Ne4 8. 0-0 Nxd2 9. Nxd2 Be7 10. a3 0-0 11. b4 Qd8 12. Qb3 f5 13. h3 g5 14. Bh2 Nf6 15. b5 Qa5 16. Qb2 cxb5 17. cxd5 exd5 18. Bxb5 Qb6 19. Rfb1 f4 20. exf4 Bf5 21. Re1 Ne4 22. Nxe4 Bxe4 23. Qb3 Rf7 24. f3 a6 25. Ba4 Qxd4+ 26. Kh1 b5 27. fxe4 bxa4 28. Qxd5 Qxd5 29. exd5 gxf4 30. Bxf4 Bxa3 31. Re4 Bc5 32. Raxa4 Rd8 33. Rxa6 Rxd5 34. Re8+ Rf8 35. Rxf8+ Kxf8 36. Rc6 Kf7 37. Kh2 Be7 38. Kg3 Rb5 39. Kf3 Rb4 40. Be3 Ra4 41. g4 Ra3 42. Ke4 Bf6 43. g5 Ra4+ 44. Kf5 Be7 45. Bf4 Ra5+ 46. Kg4 Ra4 47. h4 Ra5 48. h5 Ra8 49. g6+ hxg6 50. hxg6+ Kg7 51. Rc7 Kxg6 52. Rxe7 Ra6 53. Re1 Kf7 54. Rh1 Rg6+ 55. Kf5 Rf6+ 56. Ke4 Re6+ 57. Be5 Kg6 58. Rg1+ Kf7 59. Kd5 Ra6 60. Rg7+ Kf8 61. Rb7 Kg8 62. Bd6 Ra1 63. Ke6 Re1+ 64. Be5 Rf1 65. Rg7+ Kf8 66. Rh7 Ke8 67. Rb7 Rd1 68. Re7+ Kd8 69. Rb7 Ke8 70. Bd6 Re1+ 71. Kd5 Rd1+ 72. Kc6 Rc1+ 73. Bc5 Rh1 74. Re7+ Kd8 75. Rf7 Rh8 76. Bd6 Rg8 77. Rh7 Ke8 78. Be5 Rg6+ 79. Kd5 Rg1 80. Ke6 Rf1 81. Rg7 Rf3 82. Rb7 Rd3 83. Bf6 Re3+ 84. Kf5 Re2 85. Kg6 Rg2+ 86. Bg5 Re2 87. Kf6 Kd8 88. Rf7 Rf2+ 89. Kg6+ 1-0

[Event "UKR-ch sf"]
[Site "Alushta"]
[Date "2006.05.14"]
[Round "2"]
[White "Makarevich, Vladimir"]
[Black "Fingerov, Dmitry"]
[Result "0-1"]
[WhiteElo "2062"]
[BlackElo "2341"]
[PlyCount "124"]
[EventDate "2006.05.13"]
[EventType "swiss"]
[EventRounds "9"]
[EventCountry "UKR"]
[SourceTitle "CBM 112 Extra"]
[Source "ChessBase"]
[SourceDate "2006.07.14"]
[SourceVersion "1"]
[SourceVersionDate "2006.07.14"]
[SourceQuality "1"]

1. c4 c6 2. d4 d5 3. cxd5 cxd5 4. Nc3 Nf6 5. Nf3 Nc6 6. Bf4 Qb6 7. a3 Qxb2 8. Na4 Qb5 9. Bd2 Qa6 10. e3 b5 11. Nc3 Bd7 12. a4 Qb7 13. axb5 Nb8 14. Ne5 e6 15. Bd3 Bd6 16. Nxd7 Nbxd7 17. 0-0 e5 18. Ra6 Nb6 19. dxe5 Bxe5 20. f4 Bd6 21. e4 0-0 22. e5 Bc5+ 23. Kh1 Ne4 24. Nxe4 dxe4 25. Bb1 Nc4 26. Ra2 Rad8 27. Qe2 Nxd2 28. Rxd2 Rxd2 29. Qxd2 Qxb5 30. Re1 Bb4 31. Qe2 Qxe2 32. Rxe2 Rc8 33. Bc2 e3 34. g3 Bd2 35. Bb3 Rc3 36. Bd5 Kf8 37. Kg2 a5 38. Kf3 a4 39. Rg2 Rc5 40. Ba2 Rc1 41. f5 Rf1+ 42. Ke2 Rxf5 43. e6 fxe6 44. Bxe6 Rf6 45. Bc4 a3 46. h3 Rc6 47. Bd5 Rc5 48. Bb3 Rb5 49. Bc4 Rb4 50. Bd5 Rb1 51. g4 Ke7 52. g5 Kd6 53. Bg8 Rb8 54. Bf7 Rf8 55. g6 hxg6 56. Rxg6+ Ke5 57. Bc4 Kd4 58. Rg4+ Kc3 59. Ba6 Ra8 60. Bc4 Ra4 61. Rxg7 Rxc4 62. Ra7 Kb2 0-1